000 00230nam a22000857a 4500
008 161021b xxu||||| |||| 00| 0 eng d
100 _9913
_aFelleman.H.
245 _aThe Best Loved Poems
260 _aNewyork
_bDoubleday Publications
_c1936
999 _c3567
_d3567